| 000 | 01342nam a2200325 c 4500 | ||
|---|---|---|---|
| 003 | BLK | ||
| 005 | 20230808163759.0 | ||
| 008 | 180409b bul|||||r ||||||| ||bul|| | ||
| 010 | _aKNG00112137000 | ||
| 020 |
_a954-9933-32-6 _bиздат.: Леге Артис |
||
| 040 | _aBLK | ||
| 041 |
_aBUL _cBUL |
||
| 080 |
_aФренска литература _b821.133.1 _x-31 _z821.133.1-31 |
||
| 100 | 1 |
_aКиняр, Паскал _eпърви автор _978714 |
|
| 700 |
_aЛекарска, Светла Славова _d1956- _9375021 |
||
| 139 |
_aКиняр, Паскал _bК 54 |
||
| 245 | 1 | 0 |
_aСкитащите сенки _bРоман _cПаскал Киняр; прев. от фр. Светла Славова Лекарска. |
| 257 | _aFRA | ||
| 260 |
_аПлевен _bЛеге Артис _c2003 _fСофия : Вулкан 4 |
||
| 300 |
_a152 с. _c22 см |
||
| 380 | _aX | ||
| 490 | 1 | _aБезкрайна проза | |
| 500 | _aРоманът е кн. 1 от поредицата Последното царство. - Ориг. загл. Les ombres errantes / Paskal Quignard. | ||
| 852 | _aЦб 218880 | ||
| 856 | 4 |
_qpdf _u |
|
| 856 | 4 |
_qpdf _u |
|
| 942 |
_cKNG _n0 |
||
| 944 |
_aCR _c07.04.2004 _k30556 _lТеодора Пейчева-Дянкова |
||
| 944 |
_aED _c21.12.2017 _kВиолета_Тройчева |
||
| 999 |
_c106869 _d106869 |
||